[Event "Is Bankasi Online Satranc Turn 17-18 YAS"]
[Site "T#646243Mustafa Kemal"]
[Date "2020.05.22"]
[Round "7"]
[White "Ahmetemreoztur80"]
[Black "keremerdal34"]
[Result "0-1"]
[WhiteElo "1632"]
[BlackElo "1656"]
[Annotator "NA RC"]
[PlyCount "172"]
[EventDate "2020.05.22"]
[EventType "swiss (blitz)"]
[TimeControl "180+2"]

1. d4 {[%emt 0:00:06]} d5 {[%emt 0:00:02]} 2. c4 {[%emt 0:00:01]} c6 {[%emt 0:00:02]} 3. Nf3 {[%emt 0:00:15]} Nf6 {[%emt 0:00:02]} 4. Nc3 {[%emt 0:00:03]} a6 {[%emt 0:00:05]} 5. Bf4 {[%emt 0:00:06]} Bf5 {[%emt 0:00:07]} 6. e3 {[%emt 0:00:02]} e6 {[%emt 0:00:03]} 7. Bd3 {[%emt 0:00:12]} Bxd3 {[%emt 0:00:06]} 8. Qxd3 {[%emt 0:00:00]} Bd6 {[%emt 0:00:13]} 9. Bxd6 {[%emt 0:00:10]} Qxd6 {[%emt 0:00:02]} 10. Ne5 {[%emt 0:00:00]} Nbd7 {[%emt 0:00:05]} 11. f4 {[%emt 0:00:13]} Qb4 {[%emt 0:00:21]} 12. O-O-O {[%emt 0:00:10]} Nxe5 {[%emt 0:00:13]} 13. dxe5 {[%emt 0:00:00]} dxc4 {[%emt 0:00:18]} 14. Qd4 {[%emt 0:00:19]} Nd5 {[%emt 0:00:13]} 15. Nxd5 {[%emt 0:00:04]} cxd5 {[%emt 0:00:05]} 16. f5 {[%emt 0:00:02]} O-O {[%emt 0:00:12]} 17. g4 {[%emt 0:00:10]} Qa5 {[%emt 0:00:38]} 18. Kb1 {[%emt 0:00:08]} Rac8 {[%emt 0:00:20]} 19. f6 {[%emt 0:00:04]} c3 {[%emt 0:00:05]} 20. Rc1 {[%emt 0:00:10]} cxb2 {[%emt 0:00:07]} 21. Qxb2 {[%emt 0:00:04]} Qb5 {[%emt 0:00:05]} 22. fxg7 {[%emt 0:00:06]} Qxb2+ {[%emt 0:00:04]} 23. Kxb2 {[%emt 0:00:00]} Kxg7 {[%emt 0:00:01]} 24. Rcf1 {[%emt 0:00:05]} Rc6 {[%emt 0:00:05]} 25. h4 {[%emt 0:00:02]} Rfc8 {[%emt 0:00:01]} 26. Rf2 {[%emt 0:00:03]} Rc3 {[%emt 0:00:04]} 27. Rh3 {[%emt 0:00:02]} d4 {[%emt 0:00:07]} 28. h5 {[%emt 0:00:09]} dxe3 {[%emt 0:00:04]} 29. h6+ {[%emt 0:00:01]} Kg8 {[%emt 0:00:02]} 30. Re2 {[%emt 0:00:04]} Rd3 {[%emt 0:00:01]} 31. Rhxe3 {[%emt 0:00:03]} Rxe3 {[%emt 0:00:01]} 32. Rxe3 {[%emt 0:00:01]} Kf8 {[%emt 0:00:01]} 33. Rb3 {[%emt 0:00:02]} Rb8 {[%emt 0:00:02]} 34. Kc3 {[%emt 0:00:00]} Ke7 {[%emt 0:00:01]} 35. Kd4 {[%emt 0:00:01]} b5 {[%emt 0:00:01]} 36. Ke4 {[%emt 0:00:02]} Rg8 {[%emt 0:00:01]} 37. Kf4 {[%emt 0:00:03]} f6 {[%emt 0:00:01]} 38. exf6+ {[%emt 0:00:02]} Kxf6 {[%emt 0:00:00]} 39. Ra3 {[%emt 0:00:02]} e5+ {[%emt 0:00:02]} 40. Kf3 {[%emt 0:00:03]} Ra8 {[%emt 0:00:02]} 41. Ke4 {[%emt 0:00:04]} Kg5 {[%emt 0:00:05]} 42. Kxe5 {[%emt 0:00:16]} Kxh6 {[%emt 0:00:01]} 43. Rh3+ {[%emt 0:00:03]} Kg6 {[%emt 0:00:01]} 44. Rh5 {[%emt 0:00:08]} Re8+ {[%emt 0:00:02]} 45. Kd5 {[%emt 0:00:02]} Re2 {[%emt 0:00:02]} 46. Kc6 {[%emt 0:00:08]} Rxa2 {[%emt 0:00:03]} 47. Kb6 {[%emt 0:00:00]} b4 {[%emt 0:00:02]} 48. Rc5 {[%emt 0:00:05]} b3 {[%emt 0:00:02]} 49. Rc6+ {[%emt 0:00:03]} Kg5 {[%emt 0:00:02]} 50. Rc5+ {[%emt 0:00:02]} Kxg4 {[%emt 0:00:01]} 51. Rc4+ {[%emt 0:00:19]} Kf3 {[%emt 0:00:02]} 52. Rc3+ {[%emt 0:00:01]} Kg4 {[%emt 0:00:04]} 53. Rxb3 {[%emt 0:00:01]} h5 {[%emt 0:00:02]} 54. Rb4+ {[%emt 0:00:01]} Kh3 {[%emt 0:00:03]} 55. Rb3+ {[%emt 0:00:01]} Kh2 {[%emt 0:00:01]} 56. Rb4 {[%emt 0:00:01]} Kg3 {[%emt 0:00:03]} 57. Rb3+ {[%emt 0:00:02]} Kf4 {[%emt 0:00:01]} 58. Rb4+ {[%emt 0:00:01]} Kg5 {[%emt 0:00:02]} 59. Rc4 {[%emt 0:00:04]} h4 {[%emt 0:00:01]} 60. Rc5+ {[%emt 0:00:01]} Kg4 {[%emt 0:00:01]} 61. Rc4+ {[%emt 0:00:01]} Kh3 {[%emt 0:00:01]} 62. Rc3+ {[%emt 0:00:01]} Kh2 {[%emt 0:00:01]} 63. Rb3 {[%emt 0:00:12]} h3 {[%emt 0:00:03]} 64. Kc5 {[%emt 0:00:01]} Rg2 {[%emt 0:00:04]} 65. Kb6 {[%emt 0:00:04]} Rg3 {[%emt 0:00:03]} 66. Rb2+ {[%emt 0:00:01]} Rg2 {[%emt 0:00:01]} 67. Rb1 {[%emt 0:00:01]} Ra2 {[%emt 0:00:06]} 68. Kc5 {[%emt 0:00:04]} Kg2 {[%emt 0:00:02]} 69. Rb8 {[%emt 0:00:03]} h2 {[%emt 0:00:02]} 70. Rg8+ {[%emt 0:00:00]} Kf1 {[%emt 0:00:02]} 71. Rf8+ {[%emt 0:00:02]} Rf2 {[%emt 0:00:02]} 72. Rh8 {[%emt 0:00:02]} Kg1 {[%emt 0:00:01]} 73. Rg8+ {[%emt 0:00:01]} Rg2 {[%emt 0:00:01]} 74. Rh8 {[%emt 0:00:03]} h1=Q {[%emt 0:00:01]} 75. Rxh1+ {[%emt 0:00:00]} Kxh1 {[%emt 0:00:01]} 76. Kb6 {[%emt 0:00:00]} Ra2 {[%emt 0:00:01]} 77. Kc5 {[%emt 0:00:01]} Rb2 {[%emt 0:00:01]} 78. Kc4 {[%emt 0:00:01]} a5 {[%emt 0:00:01]} 79. Kc3 {[%emt 0:00:00]} Rb8 {[%emt 0:00:01]} 80. Kc4 {[%emt 0:00:01]} a4 {[%emt 0:00:01]} 81. Kc3 {[%emt 0:00:00]} a3 {[%emt 0:00:01]} 82. Kc4 {[%emt 0:00:00]} a2 {[%emt 0:00:01]} 83. Kd5 {[%emt 0:00:00]} a1=Q {[%emt 0:00:03]} 84. Kc6 {[%emt 0:00:07]} Qa6+ {[%emt 0:00:01]} 85. Kc7 {[%emt 0:00:02]} Rb7+ {[%emt 0:00:01]} 86. Kd8 {[%emt 0:00:05]} Qa8# {[%emt 0:00:01] (Lag: Av=0.44s, max=0.9s)} 0-1

[Event "Is Bankasi Online Satranc Turn 17-18 YAS"]
[Site "T#646243Mustafa Kemal"]
[Date "2020.05.22"]
[Round "7"]
[White "Huseyinazizcak12"]
[Black "emreerdal60"]
[Result "0-1"]
[WhiteElo "1632"]
[BlackElo "1601"]
[Annotator "NA RC"]
[PlyCount "74"]
[EventDate "2020.05.22"]
[EventType "swiss (blitz)"]
[TimeControl "180+2"]

1. e4 {[%emt 0:00:03]} c6 {[%emt 0:00:01]} 2. Nf3 {[%emt 0:00:01]} d5 {[%emt 0:00:02]} 3. e5 {[%emt 0:00:14]} Bg4 {[%emt 0:00:01]} 4. d4 {[%emt 0:00:02]} c5 {[%emt 0:00:09]} 5. h3 {[%emt 0:00:04]} Bh5 {[%emt 0:00:02]} 6. g4 {[%emt 0:00:02]} Bg6 {[%emt 0:00:01]} 7. Bb5+ {[%emt 0:00:09]} Nc6 {[%emt 0:00:02]} 8. Bxc6+ {[%emt 0:00:01]} bxc6 {[%emt 0:00:01]} 9. Nc3 {[%emt 0:00:12]} e6 {[%emt 0:00:02]} 10. Be3 {[%emt 0:00:06]} cxd4 {[%emt 0:00:09]} 11. Qxd4 {[%emt 0:00:04]} c5 {[%emt 0:00:08]} 12. Qa4+ {[%emt 0:00:04]} Qd7 {[%emt 0:00:01]} 13. Qxd7+ {[%emt 0:00:12]} Kxd7 {[%emt 0:00:02]} 14. Bf4 {[%emt 0:00:17]} d4 {[%emt 0:00:14]} 15. Ne4 {[%emt 0:00:02]} Bxe4 {[%emt 0:00:02]} 16. Ke2 {[%emt 0:00:10]} Bxf3+ {[%emt 0:00:01]} 17. Kxf3 {[%emt 0:00:02]} Rb8 {[%emt 0:00:00]} 18. b3 {[%emt 0:00:07]} h6 {[%emt 0:00:01]} 19. Rhd1 {[%emt 0:00:12]} g5 {[%emt 0:00:01]} 20. c3 {[%emt 0:00:02]} gxf4 {[%emt 0:00:02]} 21. cxd4 {[%emt 0:00:02]} cxd4 {[%emt 0:00:04]} 22. Rxd4+ {[%emt 0:00:02]} Ke8 {[%emt 0:00:01]} 23. Rxf4 {[%emt 0:00:03]} Ne7 {[%emt 0:00:03]} 24. Ra4 {[%emt 0:00:05]} Nd5 {[%emt 0:00:07]} 25. Rxa7 {[%emt 0:00:06]} Bc5 {[%emt 0:00:01]} 26. Ra5 {[%emt 0:00:09]} Bd4 {[%emt 0:00:03]} 27. Rd1 {[%emt 0:00:08]} Bxe5 {[%emt 0:00:01]} 28. Rc5 {[%emt 0:00:12]} Ke7 {[%emt 0:00:03]} 29. Rdc1 {[%emt 0:00:02]} Rhd8 {[%emt 0:00:07]} 30. Ke4 {[%emt 0:00:14]} Bd6 {[%emt 0:00:05]} 31. Rc6 {[%emt 0:00:12]} Nb6 {[%emt 0:00:05]} 32. Rd1 {[%emt 0:00:09]} Rd7 {[%emt 0:00:27]} 33. f4 {[%emt 0:00:24]} Bxf4 {[%emt 0:00:06]} 34. Rxd7+ {[%emt 0:00:06]} Kxd7 {[%emt 0:00:01]} 35. Rc4 {[%emt 0:00:07]} Nd5 {[%emt 0:00:01]} 36. Rd4 {[%emt 0:00:02]} Ra8 {[%emt 0:00:02]} 37. a4 {[%emt 0:00:07]} Rb8 {[%emt 0:00:01] Zaman (Lag: Av=0.74s, max=2.2s)} 0-1

[Event "Is Bankasi Online Satranc Turn 17-18 YAS"]
[Site "T#646243Mustafa Kemal"]
[Date "2020.05.22"]
[Round "7"]
[White "Orhanerenkarab68"]
[Black "Burakcanaksoz58"]
[Result "1-0"]
[WhiteElo "1575"]
[BlackElo "1652"]
[Annotator "NA RC"]
[PlyCount "65"]
[EventDate "2020.05.22"]
[EventType "swiss (blitz)"]
[TimeControl "180+2"]

1. e4 {[%emt 0:00:03]} c5 {[%emt 0:00:01]} 2. Nf3 {[%emt 0:00:04]} Nc6 {[%emt 0:00:01]} 3. c3 {[%emt 0:00:05]} e6 {[%emt 0:00:04]} 4. Bb5 {[%emt 0:00:04]} d5 {[%emt 0:00:06]} 5. exd5 {[%emt 0:00:04]} exd5 {[%emt 0:00:01]} 6. d4 {[%emt 0:00:05]} Nf6 {[%emt 0:00:04]} 7. O-O {[%emt 0:00:04]} Be7 {[%emt 0:00:04]} 8. dxc5 {[%emt 0:00:04]} O-O {[%emt 0:00:06]} 9. Be3 {[%emt 0:00:04]} Bg4 {[%emt 0:00:18]} 10. Nbd2 {[%emt 0:00:05]} Ne5 {[%emt 0:00:29]} 11. Be2 {[%emt 0:00:08]} Nxf3+ {[%emt 0:00:12]} 12. Bxf3 {[%emt 0:00:07]} Bxf3 {[%emt 0:00:05]} 13. Qxf3 {[%emt 0:00:05]} Rc8 {[%emt 0:00:22]} 14. Nb3 {[%emt 0:00:06]} Ne4 {[%emt 0:00:07]} 15. Rad1 {[%emt 0:00:08]} a5 {[%emt 0:00:21]} 16. c4 {[%emt 0:00:11]} Nxc5 {[%emt 0:00:29]} 17. Rxd5 {[%emt 0:00:05]} Qb6 {[%emt 0:00:01]} 18. Qf5 {[%emt 0:00:06]} g6 {[%emt 0:00:35]} 19. Qe5 {[%emt 0:00:06]} Nd7 {[%emt 0:00:03]} 20. Qxe7 {[%emt 0:00:08]} Qf6 {[%emt 0:00:02]} 21. Rxd7 {[%emt 0:00:06]} Qxe7 {[%emt 0:00:02]} 22. Rxe7 {[%emt 0:00:03]} Rxc4 {[%emt 0:00:00]} 23. Rxb7 {[%emt 0:00:06]} a4 {[%emt 0:00:01]} 24. Nd2 {[%emt 0:00:07]} Rc2 {[%emt 0:00:02]} 25. Ne4 {[%emt 0:00:08]} Kg7 {[%emt 0:00:02]} 26. Bd4+ {[%emt 0:00:05]} Kh6 {[%emt 0:00:04]} 27. Nd6 {[%emt 0:00:04]} f5 {[%emt 0:00:01]} 28. Bg7+ {[%emt 0:00:04]} Kh5 {[%emt 0:00:02]} 29. Bxf8 {[%emt 0:00:04]} Rd2 {[%emt 0:00:01]} 30. Rxh7+ {[%emt 0:00:06]} Kg5 {[%emt 0:00:01]} 31. f4+ {[%emt 0:00:04]} Kf6 {[%emt 0:00:01]} 32. Re1 {[%emt 0:00:07]} Rxd6 {[%emt 0:00:02]} 33. Be7# {[%emt 0:00:07] (Lag: Av=1.17s, max=2.3s)} 1-0

[Event "Is Bankasi Online Satranc Turn 17-18 YAS"]
[Site "T#646243Mustafa Kemal"]
[Date "2020.05.22"]
[Round "7"]
[White "Atahanbulut70"]
[Black "batuhantasagil42"]
[Result "0-1"]
[WhiteElo "1387"]
[BlackElo "1472"]
[Annotator "NA RC"]
[PlyCount "128"]
[EventDate "2020.05.22"]
[EventType "swiss (blitz)"]
[TimeControl "180+2"]

1. e4 {[%emt 0:00:02]} e5 {[%emt 0:00:03]} 2. Nf3 {[%emt 0:00:01]} Nc6 {[%emt 0:00:01]} 3. Nc3 {[%emt 0:00:02]} Bb4 {[%emt 0:00:04]} 4. a3 {[%emt 0:00:03]} Bxc3 {[%emt 0:00:01]} 5. bxc3 {[%emt 0:00:01]} Nf6 {[%emt 0:00:02]} 6. h3 {[%emt 0:00:11]} Nxe4 {[%emt 0:00:05]} 7. Qe2 {[%emt 0:00:13]} d5 {[%emt 0:00:07]} 8. d3 {[%emt 0:00:11]} Nxc3 {[%emt 0:00:06]} 9. Qe3 {[%emt 0:00:14]} e4 {[%emt 0:00:21]} 10. Nd4 {[%emt 0:00:14]} O-O {[%emt 0:00:32]} 11. Bb2 {[%emt 0:00:06]} Nxd4 {[%emt 0:00:05]} 12. Qxd4 {[%emt 0:00:09]} Qf6 {[%emt 0:00:14]} 13. Bxc3 {[%emt 0:00:09]} Qxd4 {[%emt 0:00:02]} 14. Bxd4 {[%emt 0:00:01]} exd3 {[%emt 0:00:02]} 15. cxd3 {[%emt 0:00:01]} Re8+ {[%emt 0:00:01]} 16. Be2 {[%emt 0:00:05]} Bd7 {[%emt 0:00:04]} 17. Kd2 {[%emt 0:00:16]} b6 {[%emt 0:00:10]} 18. Rhe1 {[%emt 0:00:07]} c5 {[%emt 0:00:03]} 19. Be3 {[%emt 0:00:07]} d4 {[%emt 0:00:02]} 20. Bf4 {[%emt 0:00:05]} Re7 {[%emt 0:00:11]} 21. Rac1 {[%emt 0:00:03]} Rae8 {[%emt 0:00:03]} 22. Rc4 {[%emt 0:00:26]} h6 {[%emt 0:00:07]} 23. a4 {[%emt 0:00:02]} g5 {[%emt 0:00:07]} 24. f3 {[%emt 0:00:03]} gxf4 {[%emt 0:00:04]} 25. a5 {[%emt 0:00:07]} Bb5 {[%emt 0:00:05]} 26. Rc2 {[%emt 0:00:06]} Ba4 {[%emt 0:00:06]} 27. Rc4 {[%emt 0:00:10]} Bb5 {[%emt 0:00:01]} 28. Rc2 {[%emt 0:00:01]} f6 {[%emt 0:00:05]} 29. axb6 {[%emt 0:00:02]} axb6 {[%emt 0:00:02]} 30. Rb2 {[%emt 0:00:04]} Bd7 {[%emt 0:00:12]} 31. Rxb6 {[%emt 0:00:01]} Rg7 {[%emt 0:00:03]} 32. Ra6 {[%emt 0:00:06]} Rxg2 {[%emt 0:00:15]} 33. Rxf6 {[%emt 0:00:04]} Bxh3 {[%emt 0:00:08]} 34. Rxf4 {[%emt 0:00:04]} Rf8 {[%emt 0:00:07]} 35. Rxf8+ {[%emt 0:00:13]} Kxf8 {[%emt 0:00:02]} 36. Kd1 {[%emt 0:00:02]} h5 {[%emt 0:00:08]} 37. Rh1 {[%emt 0:00:13]} Rg3 {[%emt 0:00:05]} 38. Re1 {[%emt 0:00:03]} Bg2 {[%emt 0:00:04]} 39. Rg1 {[%emt 0:00:04]} Kg7 {[%emt 0:00:04]} 40. f4 {[%emt 0:00:03]} Kg6 {[%emt 0:00:06]} 41. Re1 {[%emt 0:00:01]} h4 {[%emt 0:00:02]} 42. Rg1 {[%emt 0:00:01]} Kf5 {[%emt 0:00:06]} 43. Ke1 {[%emt 0:00:01]} Kxf4 {[%emt 0:00:02]} 44. Kf2 {[%emt 0:00:01]} h3 {[%emt 0:00:07]} 45. Re1 {[%emt 0:00:04]} Re3 {[%emt 0:00:04]} 46. Rg1 {[%emt 0:00:04]} Bf3 {[%emt 0:00:01]} 47. Rg3 {[%emt 0:00:02]} Bxe2 {[%emt 0:00:02]} 48. Rxh3 {[%emt 0:00:05]} Rxh3 {[%emt 0:00:01]} 49. Kxe2 {[%emt 0:00:01]} Ke5 {[%emt 0:00:01]} 50. Kf2 {[%emt 0:00:01]} Kd5 {[%emt 0:00:02]} 51. Ke2 {[%emt 0:00:01]} Kc6 {[%emt 0:00:01]} 52. Kd2 {[%emt 0:00:01]} Kb5 {[%emt 0:00:01]} 53. Ke2 {[%emt 0:00:01]} Ka4 {[%emt 0:00:00]} 54. Kf2 {[%emt 0:00:01]} Kb3 {[%emt 0:00:01]} 55. Kg2 {[%emt 0:00:01]} Rxd3 {[%emt 0:00:02]} 56. Kf2 {[%emt 0:00:02]} Re3 {[%emt 0:00:00]} 57. Kg2 {[%emt 0:00:01]} c4 {[%emt 0:00:00]} 58. Kf2 {[%emt 0:00:01]} c3 {[%emt 0:00:00]} 59. Kg2 {[%emt 0:00:01]} c2 {[%emt 0:00:01]} 60. Kf2 {[%emt 0:00:01]} c1=Q {[%emt 0:00:00]} 61. Kg2 {[%emt 0:00:01]} Qc2+ {[%emt 0:00:06]} 62. Kf1 {[%emt 0:00:03]} Qe2+ {[%emt 0:00:01]} 63. Kg1 {[%emt 0:00:02]} Rg3+ {[%emt 0:00:01]} 64. Kh1 {[%emt 0:00:09]} Qg2# {[%emt 0:00:01] (Lag: Av=0.57s, max=1.1s)} 0-1

[Event "Is Bankasi Online Satranc Turn 17-18 YAS"]
[Site "T#646243Mustafa Kemal"]
[Date "2020.05.22"]
[Round "7"]
[White "Mehmetkozak72"]
[Black "Ahmetay38"]
[Result "*"]
[WhiteElo "1344"]
[BlackElo "1447"]
[Annotator "NA RC"]
[PlyCount "31"]
[EventDate "2020.05.22"]
[EventType "swiss (blitz)"]
[TimeControl "180+2"]

1. e4 {[%emt 0:00:04]} c6 {[%emt 0:00:01]} 2. f4 {[%emt 0:00:01]} d5 {[%emt 0:00:01]} 3. e5 {[%emt 0:00:01]} Bf5 {[%emt 0:00:02]} 4. Nf3 {[%emt 0:00:01]} e6 {[%emt 0:00:01]} 5. d4 {[%emt 0:00:01]} Qb6 {[%emt 0:00:04]} 6. Bd3 {[%emt 0:00:03]} Bxd3 {[%emt 0:00:02]} 7. Qxd3 {[%emt 0:00:00]} Nd7 {[%emt 0:00:01]} 8. O-O {[%emt 0:00:06]} Ne7 {[%emt 0:00:05]} 9. b3 {[%emt 0:00:01]} Ng6 {[%emt 0:00:09]} 10. f5 {[%emt 0:00:07]} exf5 {[%emt 0:00:03]} 11. Qxf5 {[%emt 0:00:00]} c5 {[%emt 0:00:07]} 12. Ng5 {[%emt 0:00:08]} cxd4 {[%emt 0:00:04]} 13. Qxf7+ {[%emt 0:00:02]} Kd8 {[%emt 0:00:03]} 14. Ne6+ {[%emt 0:00:04]} Kc8 {[%emt 0:00:36]} 15. Qe8+ {[%emt 0:00:03]} Qd8 {[%emt 0:00:09]} 16. Qxd8# {[%emt 0:00:01] (Lag: Av=0.48s, max=0.6s)} *

[Event "Is Bankasi Online Satranc Turn 17-18 YAS"]
[Site "T#646243Mustafa Kemal"]
[Date "2020.05.22"]
[Round "8"]
[White "Alparslanisik80"]
[Black "Ataberkturkmen48"]
[Result "1-0"]
[WhiteElo "1940"]
[BlackElo "1862"]
[Annotator "NA RC"]
[PlyCount "63"]
[EventDate "2020.05.22"]
[EventType "swiss (blitz)"]

1. d4 {[%emt 0:00:05]} Nf6 {[%emt 0:00:01]} 2. c4 {[%emt 0:00:02]} e6 {[%emt 0:00:01]} 3. Nf3 {[%emt 0:00:01]} Bb4+ {[%emt 0:00:02]} 4. Nbd2 {[%emt 0:00:02]} b6 {[%emt 0:00:01]} 5. a3 {[%emt 0:00:02]} Bxd2+ {[%emt 0:00:01]} 6. Qxd2 {[%emt 0:00:00]} Bb7 {[%emt 0:00:00]} 7. e3 {[%emt 0:00:01]} O-O {[%emt 0:00:02]} 8. Be2 {[%emt 0:00:01]} d6 {[%emt 0:00:01]} 9. O-O {[%emt 0:00:02]} Nbd7 {[%emt 0:00:01]} 10. b4 {[%emt 0:00:02]} Qe7 {[%emt 0:00:14]} 11. Bb2 {[%emt 0:00:01]} a5 {[%emt 0:00:04]} 12. Rfd1 {[%emt 0:00:03]} Rfd8 {[%emt 0:00:23]} 13. Qc2 {[%emt 0:00:07]} e5 {[%emt 0:00:05]} 14. dxe5 {[%emt 0:00:06]} dxe5 {[%emt 0:00:04]} 15. Bc3 {[%emt 0:00:24]} Ne4 {[%emt 0:00:08]} 16. Be1 {[%emt 0:00:02]} axb4 {[%emt 0:00:26]} 17. axb4 {[%emt 0:00:03]} Rxa1 {[%emt 0:00:13]} 18. Rxa1 {[%emt 0:00:00]} Ng5 {[%emt 0:00:01]} 19. Nxg5 {[%emt 0:00:14]} Qxg5 {[%emt 0:00:00]} 20. g3 {[%emt 0:00:08]} Nf6 {[%emt 0:00:06]} 21. Rd1 {[%emt 0:00:13]} Re8 {[%emt 0:00:21]} 22. h4 {[%emt 0:00:07]} Qg6 {[%emt 0:00:07]} 23. Qxg6 {[%emt 0:00:03]} fxg6 {[%emt 0:00:06]} 24. Bc3 {[%emt 0:00:00]} Kf7 {[%emt 0:00:12]} 25. Ra1 {[%emt 0:00:06]} Nd7 {[%emt 0:00:18] Ataberkturkmen48 beraberlik teklif ediyor} 26. Ra7 {[%emt 0:00:20]} Rb8 {[%emt 0:00:02]} 27. Bg4 {[%emt 0:00:03]} Nf6 {[%emt 0:00:15]} 28. Bh3 {[%emt 0:00:08]} e4 {[%emt 0:00:06]} 29. Be5 {[%emt 0:00:13]} Ne8 {[%emt 0:00:05]} 30. Bd7 {[%emt 0:00:01]} Nd6 {[%emt 0:00:11]} 31. Bxd6 {[%emt 0:00:03]} cxd6 {[%emt 0:00:03]} 32. Bc6 {[%emt 0:00:01] Ataberkturkmen48 terk eder (Lag: Av=0.65s, max=0.9s)} 1-0

[Event "Is Bankasi Online Satranc Turn 17-18 YAS"]
[Site "T#646243Mustafa Kemal"]
[Date "2020.05.22"]
[Round "8"]
[White "Umuterdemgundu70"]
[Black "ahmetburakgurs66"]
[Result "1-0"]
[WhiteElo "1911"]
[BlackElo "1721"]
[Annotator "NA RC"]
[PlyCount "93"]
[EventDate "2020.05.22"]
[EventType "swiss (blitz)"]

1. e4 {[%emt 0:00:03]} e6 {[%emt 0:00:03]} 2. d4 {[%emt 0:00:01]} d5 {[%emt 0:00:01]} 3. Nc3 {[%emt 0:00:00]} Nf6 {[%emt 0:00:02]} 4. e5 {[%emt 0:00:01]} Nfd7 {[%emt 0:00:01]} 5. f4 {[%emt 0:00:01]} c5 {[%emt 0:00:01]} 6. Nf3 {[%emt 0:00:01]} Nc6 {[%emt 0:00:02]} 7. Be3 {[%emt 0:00:01]} cxd4 {[%emt 0:00:03]} 8. Nxd4 {[%emt 0:00:01]} Bc5 {[%emt 0:00:06]} 9. Qd2 {[%emt 0:00:03]} Nxd4 {[%emt 0:00:01]} 10. Bxd4 {[%emt 0:00:01]} Bxd4 {[%emt 0:00:01]} 11. Qxd4 {[%emt 0:00:02]} Qb6 {[%emt 0:00:01]} 12. O-O-O {[%emt 0:00:01]} Qxd4 {[%emt 0:00:02]} 13. Rxd4 {[%emt 0:00:00]} Nc5 {[%emt 0:00:03]} 14. Nb5 {[%emt 0:00:11]} O-O {[%emt 0:00:03]} 15. c4 {[%emt 0:00:09]} Bd7 {[%emt 0:00:03]} 16. cxd5 {[%emt 0:00:08]} Bxb5 {[%emt 0:00:02]} 17. Bxb5 {[%emt 0:00:01]} exd5 {[%emt 0:00:02]} 18. Rxd5 {[%emt 0:00:00]} Ne6 {[%emt 0:00:02]} 19. Rd7 {[%emt 0:00:29]} Nxf4 {[%emt 0:00:06]} 20. Rxb7 {[%emt 0:00:18]} a6 {[%emt 0:00:05]} 21. Bf1 {[%emt 0:01:10]} Rfc8+ {[%emt 0:00:07]} 22. Kb1 {[%emt 0:00:01]} Ne6 {[%emt 0:00:04]} 23. b3 {[%emt 0:00:09]} a5 {[%emt 0:00:03]} 24. Bc4 {[%emt 0:00:01]} a4 {[%emt 0:00:08]} 25. Rf1 {[%emt 0:00:04]} Rf8 {[%emt 0:00:16]} 26. Rfxf7 {[%emt 0:00:04]} Rxf7 {[%emt 0:00:20]} 27. Bxe6 {[%emt 0:00:03]} Raf8 {[%emt 0:00:01]} 28. bxa4 {[%emt 0:00:04]} g6 {[%emt 0:00:01]} 29. a5 {[%emt 0:00:01]} Kg7 {[%emt 0:00:01]} 30. Rxf7+ {[%emt 0:00:01]} Rxf7 {[%emt 0:00:01]} 31. Bxf7 {[%emt 0:00:00]} Kxf7 {[%emt 0:00:01]} 32. a6 {[%emt 0:00:00]} Ke6 {[%emt 0:00:01]} 33. a7 {[%emt 0:00:00]} Kxe5 {[%emt 0:00:00]} 34. a8=Q {[%emt 0:00:00]} Kd4 {[%emt 0:00:00]} 35. Qf3 {[%emt 0:00:01]} Kc4 {[%emt 0:00:01]} 36. Qf7+ {[%emt 0:00:01]} Kc3 {[%emt 0:00:01]} 37. Qxh7 {[%emt 0:00:00]} Kd2 {[%emt 0:00:01]} 38. Qxg6 {[%emt 0:00:00]} Ke1 {[%emt 0:00:01]} 39. Qc2 {[%emt 0:00:01]} Kf1 {[%emt 0:00:01]} 40. g4 {[%emt 0:00:03]} Kg1 {[%emt 0:00:01]} 41. g5 {[%emt 0:00:01]} Kh1 {[%emt 0:00:02]} 42. g6 {[%emt 0:00:01]} Kg1 {[%emt 0:00:00]} 43. g7 {[%emt 0:00:01]} Kh1 {[%emt 0:00:04]} 44. Ka1 {[%emt 0:00:01]} Kg1 {[%emt 0:00:02]} 45. g8=Q+ {[%emt 0:00:01]} Kf1 {[%emt 0:00:01]} 46. Qgg2+ {[%emt 0:00:01]} Ke1 {[%emt 0:00:00]} 47. Qg1# {[%emt 0:00:00] (Lag: Av=0.35s, max=2.0s)} 1-0

[Event "Is Bankasi Online Satranc Turn 17-18 YAS"]
[Site "T#646243Mustafa Kemal"]
[Date "2020.05.22"]
[Round "8"]
[White "Omeramirakdag30"]
[Black "tunaonatnalban08"]
[Result "1/2-1/2"]
[WhiteElo "1869"]
[BlackElo "2049"]
[Annotator "NA RC"]
[PlyCount "83"]
[EventDate "2020.05.22"]
[EventType "swiss (blitz)"]

1. d4 {[%emt 0:00:03]} Nf6 {[%emt 0:00:02]} 2. Nf3 {[%emt 0:00:01]} d5 {[%emt 0:00:01]} 3. e3 {[%emt 0:00:02]} c5 {[%emt 0:00:02]} 4. b3 {[%emt 0:00:01]} Nc6 {[%emt 0:00:01]} 5. Bb2 {[%emt 0:00:01]} g6 {[%emt 0:00:01]} 6. Be2 {[%emt 0:00:01]} Bg7 {[%emt 0:00:00]} 7. O-O {[%emt 0:00:00]} O-O {[%emt 0:00:01]} 8. Nbd2 {[%emt 0:00:07]} Ne4 {[%emt 0:00:02]} 9. c4 {[%emt 0:00:10]} cxd4 {[%emt 0:00:05]} 10. Nxd4 {[%emt 0:00:06]} Nxd4 {[%emt 0:00:03]} 11. Bxd4 {[%emt 0:00:01]} Bxd4 {[%emt 0:00:02]} 12. exd4 {[%emt 0:00:00]} Nc3 {[%emt 0:00:01]} 13. Qe1 {[%emt 0:00:02]} Nxe2+ {[%emt 0:00:03]} 14. Qxe2 {[%emt 0:00:00]} dxc4 {[%emt 0:00:02]} 15. Nxc4 {[%emt 0:00:05]} b6 {[%emt 0:00:14]} 16. Rfe1 {[%emt 0:00:14]} e6 {[%emt 0:00:07]} 17. Rad1 {[%emt 0:00:05]} Bb7 {[%emt 0:00:01]} 18. Ne3 {[%emt 0:00:06]} Bd5 {[%emt 0:00:03]} 19. Qd2 {[%emt 0:00:09] Omeramirakdag30 offers a draw} Rc8 {[%emt 0:01:10]} 20. Ng4 {[%emt 0:00:15]} h5 {[%emt 0:00:03]} 21. Ne5 {[%emt 0:00:02]} Kg7 {[%emt 0:00:05]} 22. Rc1 {[%emt 0:00:15]} Qe7 {[%emt 0:00:05]} 23. Rc3 {[%emt 0:00:06]} Bb7 {[%emt 0:00:14]} 24. Rec1 {[%emt 0:00:04]} Rxc3 {[%emt 0:00:03]} 25. Qxc3 {[%emt 0:00:05]} Rc8 {[%emt 0:00:07]} 26. Qd2 {[%emt 0:00:01]} Qb4 {[%emt 0:00:07]} 27. Qf4 {[%emt 0:00:44]} Rxc1+ {[%emt 0:00:03]} 28. Qxc1 {[%emt 0:00:00]} Qxd4 {[%emt 0:00:01]} 29. Nc4 {[%emt 0:00:05]} Bd5 {[%emt 0:00:04]} 30. Ne3 {[%emt 0:00:01]} b5 {[%emt 0:00:05]} 31. h3 {[%emt 0:00:01]} Qe4 {[%emt 0:00:07]} 32. Qc3+ {[%emt 0:00:06]} Kg8 {[%emt 0:00:05]} 33. Qa5 {[%emt 0:00:07]} Bc6 {[%emt 0:00:31]} 34. Qxa7 {[%emt 0:00:05]} Qe5 {[%emt 0:00:03]} 35. Qb6 {[%emt 0:00:07]} Be4 {[%emt 0:00:04]} 36. Qd8+ {[%emt 0:00:04]} Kg7 {[%emt 0:00:03]} 37. Qd2 {[%emt 0:00:00] Omeramirakdag30 offers a draw} Bc6 {[%emt 0:00:06]} 38. Qc2 {[%emt 0:00:07]} Bd7 {[%emt 0:00:02]} 39. Qd2 {[%emt 0:00:08]} Bc6 {[%emt 0:00:04]} 40. Qc2 {[%emt 0:00:01]} Qa1+ {[%emt 0:00:04]} 41. Kh2 {[%emt 0:00:02]} Qe5+ {[%emt 0:00:02]} 42. Kg1 {[%emt 0:00:01] (Lag: Av=0.52s, max=1.4s)} 1/2-1/2